<?xml version="1.0" encoding="UTF-8"?><?xml-stylesheet type="text/xsl" href="static/style.xsl"?><OAI-PMH xmlns="http://www.openarchives.org/OAI/2.0/" xmlns:xsi="http://www.w3.org/2001/XMLSchema-instance" xsi:schemaLocation="http://www.openarchives.org/OAI/2.0/ http://www.openarchives.org/OAI/2.0/OAI-PMH.xsd"><responseDate>2026-04-17T02:42:06Z</responseDate><request verb="GetRecord" identifier="oai:www.recercat.cat:10256/18472" metadataPrefix="marc">https://recercat.cat/oai/request</request><GetRecord><record><header><identifier>oai:recercat.cat:10256/18472</identifier><datestamp>2024-06-13T09:51:32Z</datestamp><setSpec>com_2072_453036</setSpec><setSpec>com_2072_2054</setSpec><setSpec>col_2072_453038</setSpec></header><metadata><record xmlns="http://www.loc.gov/MARC21/slim" xmlns:dcterms="http://purl.org/dc/terms/" xmlns:xsi="http://www.w3.org/2001/XMLSchema-instance" xmlns:doc="http://www.lyncode.com/xoai" xsi:schemaLocation="http://www.loc.gov/MARC21/slim http://www.loc.gov/standards/marcxml/schema/MARC21slim.xsd">
   <leader>00925njm 22002777a 4500</leader>
   <datafield ind2=" " ind1=" " tag="042">
      <subfield code="a">dc</subfield>
   </datafield>
   <datafield ind2=" " ind1=" " tag="720">
      <subfield code="a">Souto, Laiz</subfield>
      <subfield code="e">author</subfield>
   </datafield>
   <datafield ind2=" " ind1=" " tag="720">
      <subfield code="a">Meléndez i Frigola, Joaquim</subfield>
      <subfield code="e">author</subfield>
   </datafield>
   <datafield ind2=" " ind1=" " tag="720">
      <subfield code="a">Herraiz Jaramillo, Sergio</subfield>
      <subfield code="e">author</subfield>
   </datafield>
   <datafield ind2=" " ind1=" " tag="260">
      <subfield code="c">info:eu-repo/date/embargoEnd/2021-02-06</subfield>
   </datafield>
   <datafield ind2=" " ind1=" " tag="260">
      <subfield code="c">2020-08</subfield>
   </datafield>
   <datafield ind2=" " ind1=" " tag="520">
      <subfield code="a">Comunicació de congrés presentada a: 2020 IEEE Power and Energy Society General Meeting, Montreal, QC, Canada, 2020, 3-6 August. https://pes-gm.org/2020/</subfield>
   </datafield>
   <datafield ind2=" " ind1=" " tag="520">
      <subfield code="a">Principal component analysis (PCA) is a dimensionality&#xd;
reduction technique often applied to process and detect&#xd;
events in large amounts of data collected by phasor measurement&#xd;
units (PMU) at transmission and distribution level. This article&#xd;
considers five different approaches to select an appropriate&#xd;
number of principal components, builds the statistical model&#xd;
of the PMU data online over a sliding window of 10 seconds&#xd;
and 1 minute, and evaluates the computation times and the&#xd;
accuracy of correct event detections with use of two statistical&#xd;
tests in a 1−hour data file from the UT-Austin Independent&#xd;
Texas Synchrophasor Network with phasor quantities collected&#xd;
at different PMU substations</subfield>
   </datafield>
   <datafield ind2=" " ind1=" " tag="520">
      <subfield code="a">This research was supported by the European Union’s&#xd;
Horizon 2020 research and innovation programme, call LCE-&#xd;
01-2016-2017, under the auspices of the project “Renewable&#xd;
penetration levered by Efficient Low Voltage Distribution&#xd;
grids”, grant agreement number 773715, and University of&#xd;
Girona scholarship.</subfield>
   </datafield>
   <datafield ind1="8" ind2=" " tag="024">
      <subfield code="a">http://hdl.handle.net/10256/18472</subfield>
   </datafield>
   <datafield tag="653" ind2=" " ind1=" ">
      <subfield code="a">Errors de sistemes (Enginyeria) -- Localització -- Congressos</subfield>
   </datafield>
   <datafield tag="653" ind2=" " ind1=" ">
      <subfield code="a">System failures (Engineering) -- Location -- Congresses</subfield>
   </datafield>
   <datafield tag="653" ind2=" " ind1=" ">
      <subfield code="a">Control electrònic -- Congressos</subfield>
   </datafield>
   <datafield tag="653" ind2=" " ind1=" ">
      <subfield code="a">Electronic control -- Congresses</subfield>
   </datafield>
   <datafield tag="653" ind2=" " ind1=" ">
      <subfield code="a">Anàlisi de components principals -- Congressos</subfield>
   </datafield>
   <datafield tag="653" ind2=" " ind1=" ">
      <subfield code="a">Principal components analysis -- Congresses</subfield>
   </datafield>
   <datafield ind2="0" ind1="0" tag="245">
      <subfield code="a">Comparison of Principal Component Analysis Techniques for PMU Data Event Detection</subfield>
   </datafield>
</record></metadata></record></GetRecord></OAI-PMH>